000 00427nam a22001697a 4500
005 20180323123540.0
008 160519b xxu||||| |||| 00| 0 eng d
020 _a81-297-0244-4
041 _aeng
082 _b3271
_a338.5024658
100 _aKeat/Paul G Yonng/Philip K.Y.
_9808
245 _aManagerial Economics
260 _aDelhi
_bPearson Education,
_c2004
300 _a747
650 _aManagement
_9241
942 _cBK
999 _c1112
_d1112